Score 0/20 Timer 06:00
0 Plays Today
% Correct
Chile & Chili
93.7%
Doe & Dough
93.3%
Aisle & Isle
93%
Base & Bass
92.1%
Pi & Pie
90.9%
Board & Bored
89.4%
Hoes & Hose
88.8%
Toad & Towed
88.1%
Maize & Maze
87.8%
Friar & Fryer
86.7%
% Correct
Slay & Sleigh
86%
Leak & Leek
84.6%
Muscles & Mussels
84.5%
Links & Lynx
84.4%
Grease & Greece
82.1%
Chute & Shoot
78.6%
Gorilla & Guerrilla
76.2%
Colonel & Kernel
76.1%
Serf & Surf
73.5%
Peal & Peel
68.8%
Remove Ads.
Support Sporcle.
Get the best of Sporcle when you Go Orange. This ad-free experience offers more features, more stats, and more fun while also helping to support Sporcle. Thank you for becoming a member.

You're not logged in!

Compare scores with friends on all Sporcle quizzes.
OR
Log In

Show Comments

Extras

Top Quizzes Today


Score Distribution

Your Account Isn't Verified!

In order to create a playlist on Sporcle, you need to verify the email address you used during registration. Go to your Sporcle Settings to finish the process.

Report this User

Report this user for behavior that violates our Community Guidelines.

Details: